| 000 | 00821nam a2200277 i 4500 | ||
|---|---|---|---|
| 001 | 200445506 | ||
| 999 |
_c200445506 _d63718 |
||
| 003 | TR-AnTOB | ||
| 005 | 20241004142626.0 | ||
| 007 | ta | ||
| 008 | 211129s gw a 00| 0 ger d | ||
| 040 |
_aTR-AnTOB _beng _erda _cTR-AnTOB |
||
| 041 | 0 | _ager | |
| 050 | 1 |
_aNA1085 _b.P38 |
|
| 090 |
_aNA1085 _b.P38 |
||
| 245 | 0 | 0 |
_aPauen planung : _bArchitekten ingenieure. |
| 264 | 1 |
_aHamburg : _b[publisher not identified], _c[date of publication not identified] |
|
| 300 |
_a1 volume (various pagings) ; _billustrations ; _c20 cm |
||
| 336 |
_2rdacontent _atext _btxt |
||
| 337 |
_2rdamedia _aunmediated _bn |
||
| 338 |
_2rdacarrier _avolume _bnc |
||
| 650 | 0 |
_aArchitecture _zGermany _999971 |
|
| 653 | _aBuildings--Germany | ||
| 942 |
_2lcc _cBK |
||